Les évènements - Avant ou après ? - Statistiques

Statistiques générales
  • Ce quiz a été pris 67 fois
  • Le résultat moyen est 5 sur 10
Statistiques - réponses
Question Réponse % Correct
L'ONG "Médecins du monde" a été créée ...... le crash du Boeing 747SR-46 assurant le vol 123 de Japan Airlines Avant
72%
La commercialisation de l'iPhone 6 s'est fait ...... la finale de la coupe du monde de 2014 Après
56%
La Roumanie a rejoint l'Union Européenne ...... la Lituanie Après
56%
La chanteuse Rihanna est née ...... la chute du mur de Berlin Avant
56%
La mort du prince Philip est survenue ...... la réélection du Président Emmanuel Macron Avant
50%
En 2024 pour les deux, l'élection présidentielle américaine a eu lieu ...... les élections européennes Après
44%
Le tueur en série Michel Fourniret a été arrêté ...... la signature de l'Iran au traité de non-prolifération nucléaire Avant
39%
La peste noire est apparue ...... le début de la Guerre de Cent ans Après
33%
Jeanne d'Arc fut brûlée vive ...... la chute de Constantinople Avant
28%
Les pièces et billets en euros ont été mis en circulation ...... la destruction des Bouddhas de Bâmiyân par les taliban Après
17%
Aucun quiz correspondant
Distribution des résultats
% des personnes avec chaque résultat
Percentile par nombre de réponses
Votre historique - résultats
Vous n’avez pas pris ce quiz